000 00763cam a2200253 a 4500
001 14683598
005 20180125071443.0
008 061229s2008 njua 001 0 eng
010 _a 2006103241
020 _a9780131568778
020 _a0131568779
035 _a(OCoLC)ocm77573104
035 _a(OCoLC)77573104
040 _aDLC
_cDLC
_dYDX
_dBAKER
_dBTCTA
_dYDXCP
_dDLC
041 _aeng
080 _a657 cha
082 0 0 _a657 cha
_222
100 1 _a62
101 _akon
245 1 0 _aFinancial and managerial accounting /
_cCharles T. Horngren, Walter T. Harrison.
906 _a7
_bcbc
_corignew
_d1
_eecip
_f20
_gy-gencatlg
942 _2ddc
_cBK
999 _c40934
_d40934